Les derniers adversaires du DFCO en Coupe de France - Statistiques

Statistiques générales
  • Ce quiz a été pris 40 fois
  • Le résultat moyen est 7 sur 26
Statistiques - réponses
Année Tour Réponse % Correct
2011-2012 1/8 de finale Paris Saint Germain
86%
2018-2019 1/4 de finale Paris Saint Germain
86%
2019-2020 1/4 de finale Paris Saint Germain
86%
2016-2017 1/16 de finale FC Girondins de Bordeaux
51%
2020-2021 1/32 de finale Lille
51%
2013-2014 1/16 de finale AJ Auxerre
46%
2005-2006 1/8 de finale FC Nantes
46%
2007-2008 1/4 de finale Amiens SC
40%
2017-2018 1/32 de finale RC Strasbourg
37%
2003-2004 1/2 finale LB Châteauroux
31%
2021-2022 1/32 de finale AS Cannes
29%
1998-1999 1/16 de finale CS Sedan
26%
2012-2013 7e tour CS Sedan
26%
2008-2009 1/8 de finale Grenoble F38
26%
2001-2002 7e tour FC Gueugnon
20%
2009-2010 8e tour FC Versailles 78
11%
2023-2024 8e tour Quevilly Rouen Métropole
11%
2004-2005 7e tour FC Mulhouse
9%
2022-2023 7e tour Saint-Pryvé Saint-Hilaire FC
6%
2006-2007 7e tour CS Louhans-Cuiseaux
3%
1999-2000 6e tour FC Montceau
3%
2000-2001 5e tour FC Sens
3%
2014-2015 1/16 de finale US Concarneau
3%
2002-2003 1/16 de finale FC Bourg Péronnas
0%
2010-2011 8e tour Jarville JF
0%
2015-2016 8e tour Sarreguemines FC
0%
Aucun quiz correspondant
Distribution des résultats
% des personnes avec chaque résultat
Percentile par nombre de réponses
Votre historique - résultats
Vous n’avez pas pris ce quiz